01380nam a2200349 a 4500001001200000003000800012006001900020007001500039008004100054010001700095020002200112020001800134020001800152020001500170040002100185035002100206043001200227050002300239082001500262245013400277260005700411300001100468500008800479533015200567650003400719655002900753700002200782710006600804710001700870856012600887999001701013ebr10231168CaPaEBRm u cr cn|||||||||711020s1975 mnu s 000 0 eng d z 66019124  z0816605807 (v. 7) z9780816607525 z9780816661336 z0816607524 aCaPaEBRcCaPaEBR a(OCoLC)646750209 an------14aPS634b.B32 1975eb04a812/.5/40800aPlaywrights for tomorrowh[electronic resource] :ba collection of plays. Vol. 13 /cedited, with an introd. by Arthur H. Ballet. aMinneapolis :bUniversity of Minnesota Press,c1975. a308 p. aA project of the Office for Advanced Drama Research of the University of Minnesota. aElectronic reproduction.bPalo Alto, Calif. :cebrary,d2013.nAvailable via World Wide Web.nAccess may be limited to ebrary affiliated libraries. 0aAmerican dramay20th century. 7aElectronic books.2local1 aBallet, Arthur H.2 aUniversity of Minnesota.bOffice for Advanced Drama Research.2 aebrary, Inc.40uhttp://site.ebrary.com/lib/rucke/Doc?id=10231168zAn electronic book accessible through the World Wide Web; click to view c39561d39561